[Event "FRA-chT1A 0809"]
[Site "France"]
[Date "2009.04.05"]
[Round "11.7"]
[White "Chevant, Louis"]
[Black "Maymat, Philippe"]
[Result "1-0"]
[WhiteElo "2160"]
[BlackElo "1686"]
[PlyCount "53"]
[EventDate "2008.10.19"]
[EventType "team-tourn"]
[EventRounds "11"]
[EventCountry "FRA"]
[SourceTitle "EXT 2010"]
[Source "ChessBase"]
[SourceDate "2010.11.25"]
[SourceVersion "1"]
[SourceVersionDate "2010.11.25"]
[SourceQuality "1"]
[WhiteTeam "Lyon Olympique"]
[BlackTeam "Noisy le Grand"]
[WhiteTeamCountry "FRA"]
[BlackTeamCountry "FRA"]

1. Nf3 Nf6 2. c4 g6 3. g3 Bg7 4. Bg2 0-0 5. 0-0 d6 6. d4 Nbd7 7. Nc3 c5 8. b3 Rb8 9. Bb2 a6 10. a4 cxd4 11. Nxd4 Ne5 12. Qc2 Bd7 13. Rad1 Qc7 14. Rfe1 Nc6 15. Nd5 Qd8 16. Nxc6 bxc6 17. Nxf6+ Bxf6 18. Bxf6 exf6 19. Rxd6 Bf5 20. Qd1 Qb6 21. Rxc6 Qxb3 22. Qxb3 Rxb3 23. Rxa6 Rc3 24. Bd5 Re8 25. Rxf6 Be6 26. Rf3 Rxc4 27. Ra3 1-0

[Event "FRA-chT1A 0809"]
[Site "France"]
[Date "2008.11.09"]
[Round "3.7"]
[White "Loiseau, Quentin"]
[Black "Chevant, Louis"]
[Result "1/2-1/2"]
[WhiteElo "2062"]
[BlackElo "2160"]
[PlyCount "77"]
[EventDate "2008.10.19"]
[EventType "team-tourn"]
[EventRounds "11"]
[EventCountry "FRA"]
[SourceTitle "EXT 2010"]
[Source "ChessBase"]
[SourceDate "2010.11.25"]
[SourceVersion "1"]
[SourceVersionDate "2010.11.25"]
[SourceQuality "1"]
[WhiteTeam "Creteil"]
[BlackTeam "Lyon Olympique"]
[WhiteTeamCountry "FRA"]
[BlackTeamCountry "FRA"]

1. e4 e6 2. d4 d5 3. Nd2 dxe4 4. Nxe4 Bd7 5. Nf3 Bc6 6. Bd3 Nd7 7. Qe2 Be7 8. Bd2 Ngf6 9. c4 Bxe4 10. Bxe4 Nxe4 11. Qxe4 c6 12. Bc3 Bf6 13. 0-0 0-0 14. Rad1 Qe7 15. Rfe1 Rfe8 16. g3 Rac8 17. h4 b5 18. c5 Nf8 19. Nh2 Red8 20. Ng4 Rd5 21. b4 g6 22. Bb2 Bg7 23. Ne3 Rd7 24. f4 f5 25. Qf3 h5 26. Qg2 Qf7 27. Nf1 Nh7 28. Nh2 Nf6 29. Nf3 Ne4 30. Ng5 Nxg5 31. hxg5 Rd5 32. Qe2 Re8 33. Rd3 Qd7 34. Qe3 Kf7 35. Kf2 Rd8 36. Red1 Re8 37. Re1 Rh8 38. Rh1 Re8 39. Re1 1/2-1/2

[Event "Syre Memorial op 31st"]
[Site "Issy les Moulineaux"]
[Date "2008.05.04"]
[Round "6"]
[White "Salard, Alexandre"]
[Black "Chevant, Louis"]
[Result "0-1"]
[WhiteElo "1915"]
[BlackElo "2176"]
[PlyCount "32"]
[EventDate "2008.05.01"]
[EventType "swiss"]
[EventRounds "6"]
[EventCountry "FRA"]
[SourceTitle "EXT 2010"]
[Source "ChessBase"]
[SourceDate "2010.11.25"]
[SourceVersion "1"]
[SourceVersionDate "2010.11.25"]
[SourceQuality "1"]

1. e4 e6 2. d4 d5 3. e5 c5 4. c3 Nc6 5. Nf3 Qb6 6. a3 a5 7. a4 Bd7 8. Be2 cxd4 9. cxd4 Nge7 10. Nc3 Nf5 11. Nb5 Bb4+ 12. Bd2 0-0 13. Bxb4 Nxb4 14. 0-0 Bxb5 15. Bxb5 Rac8 16. b3 Nc2 0-1

[Event "Saint Affrique op 12th"]
[Site "Saint Affrique"]
[Date "2004.07.24"]
[Round "1"]
[White "Bricard, Emmanuel"]
[Black "Chevant, Louis"]
[Result "1/2-1/2"]
[WhiteElo "2460"]
[BlackElo "2152"]
[PlyCount "85"]
[EventDate "2004.07.24"]
[EventType "swiss"]
[EventRounds "9"]
[EventCountry "FRA"]
[SourceTitle "CBM 101 Extra"]
[Source "ChessBase"]
[SourceDate "2004.09.01"]
[SourceVersion "2"]
[SourceVersionDate "2004.09.01"]
[SourceQuality "1"]

1. Nf3 d5 2. g3 Nf6 3. Bg2 Bf5 4. d3 h6 5. c4 e6 6. 0-0 Be7 7. Qb3 b6 8. cxd5 exd5 9. Nc3 c6 10. Nd4 Bg6 11. Bf4 Bd6 12. Rad1 Bxf4 13. gxf4 Qd6 14. e4 Qxf4 15. Nde2 Qd6 16. exd5 0-0 17. Ng3 cxd5 18. Nxd5 Nc6 19. Ne4 Bxe4 20. dxe4 Nxd5 21. Rxd5 Qe6 22. f4 Ne7 23. Re5 Qxb3 24. axb3 Nc6 25. Rd5 Rad8 26. Rfd1 Rxd5 27. exd5 Na5 28. b4 Nc4 29. d6 Ne3 30. Rd3 Nxg2 31. Kxg2 f5 32. Rd5 Rd8 33. d7 Kf7 34. Rxf5+ Ke6 35. Re5+ Kxd7 36. Rd5+ Ke7 37. Rxd8 Kxd8 38. Kf3 Ke7 39. Ke4 Ke6 40. f5+ Kf6 41. Kf4 b5 42. h4 g6 43. fxg6 1/2-1/2

[Event "Lyon LOE op"]
[Site "Lyon"]
[Date "2002.05.12"]
[Round "9"]
[White "Chevant, Louis"]
[Black "Tomanov, Metodi"]
[Result "1-0"]
[WhiteElo "2087"]
[BlackElo "1830"]
[PlyCount "27"]
[EventDate "2002.05.??"]
[EventType "swiss"]
[EventRounds "9"]
[EventCountry "FRA"]
[SourceTitle "EXT 2004"]
[Source "ChessBase"]
[SourceDate "2003.11.25"]
[SourceVersion "1"]
[SourceVersionDate "2003.11.25"]
[SourceQuality "1"]

1. Nf3 d5 2. c4 c6 3. g3 Bg4 4. Bg2 Nd7 5. d4 Ngf6 6. 0-0 g6 7. Ne5 Bf5 8. cxd5 cxd5 9. Qb3 Nb6 10. Nc3 h6 11. e4 Be6 12. exd5 Bxd5 13. Nxd5 Nbxd5 14. Qb5+ 1-0

[Event "Lyon LOE op"]
[Site "Lyon"]
[Date "2002.05.12"]
[Round "8"]
[White "Mendola, Daniel"]
[Black "Chevant, Louis"]
[Result "1-0"]
[WhiteElo "2073"]
[BlackElo "2087"]
[PlyCount "63"]
[EventDate "2002.05.??"]
[EventType "swiss"]
[EventRounds "9"]
[EventCountry "FRA"]
[SourceTitle "EXT 2004"]
[Source "ChessBase"]
[SourceDate "2003.11.25"]
[SourceVersion "1"]
[SourceVersionDate "2003.11.25"]
[SourceQuality "1"]

1. e4 e6 2. d4 d5 3. e5 c5 4. c3 Nc6 5. Nf3 Qb6 6. a3 a5 7. Bd3 Bd7 8. Bc2 Nge7 9. dxc5 Qc7 10. 0-0 Ng6 11. c4 dxc4 12. Nc3 Ncxe5 13. Re1 Nxf3+ 14. Qxf3 Bxc5 15. Nd5 Qc8 16. Bh6 gxh6 17. Rad1 Kf8 18. Nf6 Bc6 19. Qc3 Nf4 20. Nd7+ Bxd7 21. Qxh8+ Ke7 22. Qe5 Ng6 23. Qh5 Qc7 24. Qxh6 Rg8 25. Qg5+ f6 26. Rxd7+ Kxd7 27. Qxf6 Re8 28. Ba4+ Kc8 29. Bxe8 Kb8 30. Bxg6 hxg6 31. Qxe6 Qf4 32. Qe5+ 1-0

[Event "Lyon LOE op"]
[Site "Lyon"]
[Date "2002.05.10"]
[Round "5"]
[White "Chevant, Louis"]
[Black "Benitah, Yohan"]
[Result "0-1"]
[WhiteElo "2087"]
[BlackElo "2325"]
[PlyCount "86"]
[EventDate "2002.05.??"]
[EventType "swiss"]
[EventRounds "9"]
[EventCountry "FRA"]
[SourceTitle "EXT 2004"]
[Source "ChessBase"]
[SourceDate "2003.11.25"]
[SourceVersion "1"]
[SourceVersionDate "2003.11.25"]
[SourceQuality "1"]

1. Nf3 d5 2. c4 c6 3. d4 Nf6 4. g3 Bf5 5. Bg2 e6 6. Nc3 Nbd7 7. 0-0 Be7 8. Nd2 0-0 9. Qb3 Qb6 10. e4 dxe4 11. Ndxe4 Rfd8 12. Rd1 Bg4 13. f3 Bh5 14. Be3 h6 15. Rd2 a5 16. Qc2 Rac8 17. Re1 Qa6 18. b3 b5 19. c5 Bg6 20. Qd1 b4 21. Nxf6+ Nxf6 22. Na4 Nd5 23. f4 Nc3 24. Nxc3 bxc3 25. Rf2 Bxc5 26. Qc1 Bxd4 27. Bxd4 Rxd4 28. Qxc3 Qb6 29. Rc1 c5 30. g4 c4 31. f5 exf5 32. gxf5 Rf4 33. fxg6 Qxf2+ 34. Kh1 fxg6 35. Qxa5 c3 36. Qe5 Kh7 37. Rxc3 Rxc3 38. Qxc3 Qxa2 39. h3 Rf2 40. Qg3 Rb2 41. h4 Qxb3 42. Qg4 Qb4 43. Qg3 Rb1+ 0-1

[Event "FRA-ch U18"]
[Site "Hyeres"]
[Date "2002.??.??"]
[Round "4.8"]
[White "Chevant, Louis"]
[Black "Alanic, Xavier"]
[Result "1/2-1/2"]
[WhiteElo "2078"]
[BlackElo "2126"]
[PlyCount "69"]
[EventDate "2002.04.05"]
[EventType "swiss"]
[EventRounds "9"]
[EventCountry "FRA"]
[SourceTitle "EXT 2003"]
[Source "ChessBase"]
[SourceDate "2002.11.25"]
[SourceVersion "1"]
[SourceVersionDate "2002.11.25"]
[SourceQuality "1"]

1. Nf3 g6 2. d4 Bg7 3. g3 d6 4. Bg2 Nd7 5. c4 e5 6. Nc3 Ngf6 7. 0-0 0-0 8. b3 Re8 9. Bb2 h5 10. Qc2 Nf8 11. dxe5 dxe5 12. Rad1 Qe7 13. Nb5 Bf5 14. Qc1 Ne4 15. Nh4 Ne6 16. Nxf5 gxf5 17. Qc2 a6 18. Nc3 Nd4 19. Qd3 Nxc3 20. Bxc3 e4 21. Qd2 Rad8 22. Bxd4 Bxd4 23. Qf4 Qf6 24. Bh3 e3 25. f3 Bc3 26. Rd5 Rxd5 27. cxd5 Re5 28. Qc4 Ba5 29. Rd1 Qd6 30. Qd3 Bd2 31. Bxf5 Rxd5 32. Qe4 Ra5 33. a4 Re5 34. Qf4 Qc5 35. Qg5+ 1/2-1/2